| 000 | 00732nmm a2200265 a 4500 | ||
|---|---|---|---|
| 003 | AR-BaBNM | ||
| 005 | 20251128211744.0 | ||
| 008 | 056020s2004 ||||||||||||||000 | spa|| | ||
| 020 | _a9972-9850-0-8 | ||
| 040 | _cAR-BaBNM | ||
| 100 | 1 | _aAlvarado Oyarce, Otoniel | |
| 245 | 1 | 0 |
_aGestión educativa _ncasos, ejercicios e instrumentos |
| 250 | _a1ª ed. | ||
| 260 |
_aLima _bUdegraf _c2004 |
||
| 300 | 0 |
_a160 p. _btablas |
|
| 650 | 4 | _aADMINISTRACION DE LA EDUCACION | |
| 650 | 4 | _aESTUDIOS DE CASOS | |
| 653 | 0 | _aGESTION EDUCATIVA | |
| 653 | 0 | _aPLANEAMIENTO EDUCATIVO | |
| 653 | 0 | _aGESTION INSTITUCIONAL | |
| 653 | 0 | _aSUPERVISION DE ESCUELAS | |
| 653 | 0 | _aESTRATEGIAS DIDACTICAS | |
| 942 | _cBK | ||
| 998 | _cme-solo cat | ||
| 999 |
_c20970 _d20970 |
||